00841nam a2200205Ia 4500008004100000020001800041050002800059100001800087245009500105260003600200300004000236440003000276520002200306650003000328650008400358650002900442650003100471999001900502952011400521150610s9999 xx 000 0 und d a9780590353427 aPR6068b.O93 H37b v.1  aRowling, J.K. aHarry Potter and the sorcerer's stone /cby J.K. Rowling ; illustrations by Mary GrandPre. aNew York : bScholastic,c1999. a309pages :billustrations ;c20 cm. aHarry Potter ; bk. 1vv.1 aJuvenile fiction. aFantasy fictionxJuvenile aHogwarts school of witchcraft and wizardry (Imaginary place)xJuvenile fiction. aMagicbJuvenile fiction. aSchoolsbJuvenile fiction. c287924d287924 001040aSSISBbSSISBcHSd2015-06-10l0oPR6068.O93 H37b v.1 pUS-0785r2015-06-10 00:00:00w2015-06-10yBK